| Поле | Инд. | ПП | Название | Значение |
|---|---|---|---|---|
| Тип записи | a | |||
| Библиографический уровень | b | |||
| 001 | Контрольный номер | RU/IS/BASE/264554037 | ||
| 005 | Дата корректировки | 20220207134732.0 | ||
| 008 | Кодируемые данные | 19970606 | ||
| 084 | a | Индекс другой классификации/Индекс ББК | 63.3(2)5-7; 85.113(2)5 | |
| 097 | 00 | a | 700 | |
| 100 | 10 | a | Автор | Бертон К. |
| q | Полное имя | Бертон Кэтлин | ||
| 245 | 00 | a | Заглавие | Парижская "тетя Вера" |
| c | Ответственность | вступительная статья Т. Князевой; перевод с английского М. Жаровой | ||
| 500 | 00 | a | Примечание | Название вступительной статьи: "Особняк Харитоненко " |
| 520 | 00 | a | Аннотация | Составитель и автор текста книги об особняке Харитоненко в Москве (здания посольства Великобритании) - об истории создания этой книги |
| 650 | 04 | a | Основная рубрика | архитектура |
| a | Основная рубрика | искусство | ||
| a | Основная рубрика | история | ||
| a | Основная рубрика | история архитектуры | ||
| 653 | 00 | a | Ключевые слова | XIX век |
| a | Ключевые слова | города | ||
| a | Ключевые слова | история города | ||
| a | Ключевые слова | Москва | ||
| a | Ключевые слова | архитектурные памятники | ||
| a | Ключевые слова | Россия | ||
| 700 | 10 | a | Автор | Князева Т. |
| e | Роль лиц | автор предисловия | ||
| 700 | 10 | a | Автор | Жарова М. |
| e | Роль лиц | переводчик | ||
| 773 | 00 | t | Заглавие источника | Памятники Отечества |
| d | Дата издания источника | 1995 | ||
| g | Прочая информация | № 34 (3 - 4). - С. 28 - 29 : фотоил. | ||
| w | Контрольный № источника | RU/IS/BASE/142436424 | ||
| 901 | t | Тип документа | b |